| 000 | 00355nam a2200145Ia 4500 | ||
|---|---|---|---|
| 008 | 230917s9999||||xx |||||||||||||| ||und|| | ||
| 040 |
_e39946 _aMAIN |
||
| 041 | _aEnglish | ||
| 082 | _a823.6 S86D:W | ||
| 100 | _aDevlin, D.D., ed | ||
| 245 | 0 | _aWalter Scott : modern judgements | |
| 260 |
_aLondon _bMacMillan _c1968 |
||
| 300 | _a190 p. | ||
| 942 | _cBK | ||
| 999 |
_c187979 _d187979 |
||